ბათუმის შოთა რუსთაველის სახელმწიფო უნივერსიტეტის ბიბლიოთეკა

Democracy and citizenship : (ბიბ.ჩანაწერი № 51614)

000 -LEADER
fixed length control field 01128nam a2200289Ia 4500
001 - CONTROL NUMBER
control field 18605
003 - CONTROL NUMBER IDENTIFIER
control field GE_BSU
005 - DATE AND TIME OF LATEST TRANSACTION
control field 20250611120500.0
008 - FIXED-LENGTH DATA ELEMENTS--GENERAL INFORMATION
fixed length control field 181216s2012||||ge |||||||||||||| ||eng||
020 ## - INTERNATIONAL STANDARD BOOK NUMBER
International Standard Book Number 9789941040849
040 ## - CATALOGING SOURCE
Transcribing agency GE_BSU
041 ## - LANGUAGE CODE
Language code of text/sound track or separate title eng
080 ## - UNIVERSAL DECIMAL CLASSIFICATION NUMBER
Universal Decimal Classification number 321.7 D-39
245 ## - TITLE STATEMENT
Title Democracy and citizenship :
Remainder of title Civic education student course reader /
Statement of responsibility, etc. Greer Burroughs, Zaza Rukhadze, Marine Kvatchadze [et al.] ; [ed. IFES ].
264 ## - PRODUCTION, PUBLICATION, DISTRIBUTION, MANUFACTURE, AND COPYRIGHT NOTICE
Place of production, publication, distribution, manufacture Tbilisi :
Name of producer, publisher, distributor, manufacturer International Foundation for Electoral Systems,
Date of production, publication, distribution, manufacture, or copyright notice 2012.
300 ## - PHYSICAL DESCRIPTION
Extent 280 p. ;
Other physical details 24 cm.
521 ## - TARGET AUDIENCE NOTE
Target audience note Bibliogr.: p. 276-280.
653 ## - INDEX TERM--UNCONTROLLED
keyword დემოკრატია
653 ## - INDEX TERM--UNCONTROLLED
keyword ადამიანის ძირითადი უფლებები
653 ## - INDEX TERM--UNCONTROLLED
keyword კონსტიტუციონალიზმი
700 ## - ADDED ENTRY--PERSONAL NAME
Personal name Burroughs, Greer
Relator term ავტორი
9 (RLIN) 25369
700 ## - ADDED ENTRY--PERSONAL NAME
Personal name Rukhadze, Zaza
Relator term ავტორი
9 (RLIN) 25370
700 ## - ADDED ENTRY--PERSONAL NAME
Personal name Kvatchadze, Marine
Relator term ავტორი
9 (RLIN) 25371
700 ## - ADDED ENTRY--PERSONAL NAME
Personal name Gaprindashvili, Lela
Relator term ავტორი
9 (RLIN) 25372
700 ## - ADDED ENTRY--PERSONAL NAME
Personal name Izoria, Levan
Relator term ავტორი
9 (RLIN) 25373
942 ## - ADDED ENTRY ELEMENTS (KOHA)
Koha item type წიგნი
Source of classification or shelving scheme
ეგზემპლარები
Withdrawn status Lost status Source of classification or shelving scheme Damaged status Not for loan Permanent Location Current Location Shelving location Date acquired Cost, normal purchase price Full call number Barcode Date last seen Copy number Price effective from Koha item type Public note
          ბათუმის შოთა რუსთაველის სახელმწიფო უნივერსიტეტის მთავარი ბიბლიოთეკა ბათუმის შოთა რუსთაველის სახელმწიფო უნივერსიტეტის მთავარი ბიბლიოთეკა წიგნსაცავი 2018-12-17 25.00 321.7 D-39 48136 2018-12-17 48136 2018-12-17 წიგნი 25 ლ.
          ბათუმის შოთა რუსთაველის სახელმწიფო უნივერსიტეტის მთავარი ბიბლიოთეკა ბათუმის შოთა რუსთაველის სახელმწიფო უნივერსიტეტის მთავარი ბიბლიოთეკა წიგნსაცავი 2018-12-17 25.00 321.7 D-39 48137 2018-12-17 48137 2018-12-17 წიგნი 25 ლ.
          ბათუმის შოთა რუსთაველის სახელმწიფო უნივერსიტეტის მთავარი ბიბლიოთეკა ბათუმის შოთა რუსთაველის სახელმწიფო უნივერსიტეტის მთავარი ბიბლიოთეკა წიგნსაცავი 2018-12-17 25.00 321.7 D-39 48138 2018-12-17 48138 2018-12-17 წიგნი 25 ლ.
          ბათუმის შოთა რუსთაველის სახელმწიფო უნივერსიტეტის მთავარი ბიბლიოთეკა ბათუმის შოთა რუსთაველის სახელმწიფო უნივერსიტეტის მთავარი ბიბლიოთეკა წიგნსაცავი 2018-12-17 25.00 321.7 D-39 48135 2018-12-17 48135 2018-12-17 წიგნი 25 ლ.